000 00879nas a2200301 4500
001 BR2011000255
003 BR-BrBNA
005 20231205114406.0
007 ta
008 230509b bl.|||p| |||| 00| 00por d
040 _aBR-BrBNA
_bpor
_cBiblioteca Nacional de Agricultura
041 _a(Pt)
072 _aF62
100 1 _aLessa, L.S.
100 1 _aPeixoto, C.P.
100 1 _aLedo, C.A. da S.
100 1 _aSilva, S. de O. e
100 1 _aOliveira, M.M. de
245 1 _aDesempenho fisiológico de mudas de bananeira na fase inicial de crescimento
650 _aBANANA
650 _aMUDA
650 _aTAXA DE CRESCIMENTO
650 _aANÁLISE COMPARATIVA
650 _aÁREA FOLIAR
773 0 _tMagistra (Brazil)
_xISSN 0102-5333
_g(Jul-Set 2008), v. 20(3) p. 305-312
_wBR2011000255
909 _a202311
_bLúcia
_c55
_dLúcia Elande
942 _2AGRIS
_n0
_cANA
999 _c208557
_d208557